000
00324nam a2200133Ia 4500
008
230917s9999||||xx |||||||||||||| ||und||
040
_e
205326
_a
MAIN
041
_a
English
082
_a
327.54073 R137I
100
_a
Vikas
245
0
_a
Indo-US nuclear relations: Continuity and change
300
_a
254 p.
942
_c
TH
999
_c
125655
_d
125655